| 000 | 00826nam a2200205Ia 4500 | ||
|---|---|---|---|
| 003 | GCL | ||
| 008 | 140319s9999 xx 000 0 ara d | ||
| 020 | _a3298327977 | ||
| 040 |
_aGCL / _cGCL |
||
| 082 | 0 | 4 |
_a323.40962 _bف ص |
| 100 | 1 | _aفرغلى على تسن | |
| 245 | 1 | 0 |
_aصفحات من تاريخ مصر الحديث والمعاصر : _bموقف الحكومة المصرية من النشاط السياسى للطلاب 1945 - 1952 / _cفرغلى على تسن |
| 250 | _aالاولى | ||
| 260 |
_aالقاهرة : _bدار الوفاء لدنيا الطباعة والنشر ، _c2003 |
||
| 300 |
_a224 ص ؛ _c24 سم |
||
| 650 | 0 | 4 | _aمصر - الاحوال السياسية |
| 650 | 0 | 4 | _aمصر - تاريخ - العصر الحديث |
| 650 | 0 | 4 | _aالطلبة - نشاط سياسى |
| 942 |
_2ddc _cBK |
||
| 999 |
_c57403 _d57403 |
||